Солдаты Победы (Запись № 1532550)

Подробности
000 -МАРКЕР
контрольное поле 01815nam0a2200337 4500
001 - ИДЕНТИФИКАТОР ЗАПИСИ
контрольное поле RU\NLR\bibl\871166
005 - ИДЕНТИФИКАТОР ВЕРСИИ
контрольное поле 20260408155728.0
010 ## - МЕЖДУНАРОДНЫЙ СТАНДАРТНЫЙ НОМЕР КНИГИ (ISBN)
Номер (ISBN) 5-86849-021-5
Тираж 2000
021 ## - НОМЕР ГОСУДАРСТВЕННОЙ РЕГИСТРАЦИИ
Код страны Российская Федерация
Номер 2005-65050
Номер Листа государственной регистраци 3200
035 ## - ДРУГИЕ СИСТЕМНЫЕ НОМЕРА
Идентификатор записи (NLR Aleph) 000859784
100 ## - ДАННЫЕ ОБЩЕЙ ОБРАБОТКИ
Данные общей обработки 20051114d2005 |||y0rusy50 ca
101 0# - ЯЗЫК РЕСУРСА
Язык текста, звукозаписи и т.д. русский
102 ## - СТРАНА ПУБЛИКАЦИИ ИЛИ ПРОИЗВОДСТВА
Страна публикации Российская Федерация
105 ## - ПОЛЕ КОДИРОВАННЫХ ДАННЫХ: ТЕКСТОВЫЕ МАТЕРИАЛЫ, МОНОГРАФИЧЕСКИЕ
Кодированные данные о монографическом текстовом документе a |||||||||
200 1# - ЗАГЛАВИЕ И СВЕДЕНИЯ ОБ ОТВЕТСТВЕННОСТИ
Основное заглавие Солдаты Победы
Сведения, относящиеся к заглавию Российская Федерация, Омская область
-- приложение
Последующие сведения об ответственности [рук. проекта А.В. Артемов]
210 ## - ПУБЛИКАЦИЯ, РАСПРОСТРАНЕНИЕ И ДР.
Место издания, распространения и т.д. Омск
Имя издателя, распространителя и т. д. Омский Дом печати
Дата издания, распространения и т.д. 2005
215 ## - ФИЗИЧЕСКАЯ ХАРАКТЕРИСТИКА
Специфическое обозначение материала и объем 94,[1] с., [4] л. цв. ил.
Другие сведения о физической характеристике ил., портр.
Размеры 27
300 ## - ОБЩИЕ ПРИМЕЧАНИЯ
Текст примечания На тит. л.: Издается в ознаменование 60-летия Победы над Японией и окончания Второй мировой войны
300 ## - ОБЩИЕ ПРИМЕЧАНИЯ
Текст примечания Кн. издана на средства Правительства Омс. обл.
606 ## - НАИМЕНОВАНИЕ ТЕМЫ КАК ПРЕДМЕТ
Наименование темы Великая Отечественная война
Формальный подзаголовок Книги памяти
Тематический подзаголовок Боевые потери в людском составе
Географический подзаголовок Омская область
Хронологический подзаголовок 1941 - 1945
Системный номер авторитетной/нормативной записи 2176439
Идентификатор авторитетной/нормативной записи RU\NLR\auth\661309025
606 0# - НАИМЕНОВАНИЕ ТЕМЫ КАК ПРЕДМЕТ
Наименование темы Великая Отечественная война
Формальный подзаголовок Книги памяти
Тематический подзаголовок Людские потери
Географический подзаголовок Омская область
Хронологический подзаголовок 1941 - 1945
Системный номер авторитетной/нормативной записи 2188014
Идентификатор авторитетной/нормативной записи RU\NLR\auth\661315435
606 ## - НАИМЕНОВАНИЕ ТЕМЫ КАК ПРЕДМЕТ
Наименование темы Великая Отечественная война
Формальный подзаголовок Книги памяти
Географический подзаголовок Омская область
Хронологический подзаголовок 1941 - 1945
Системный номер авторитетной/нормативной записи 1218004
Идентификатор авторитетной/нормативной записи RU\NLR\auth\66176986
686 ## - ИНДЕКСЫ ДРУГИХ КЛАССИФИКАЦИЙ
Индекс Т3(2)722.78
686 ## - ИНДЕКСЫ ДРУГИХ КЛАССИФИКАЦИЙ
Индекс Ц35(2)722-81(2Р-4Ом)
702 #1 - ИМЯ ЛИЦА - ВТОРИЧНАЯ ОТВЕТСТВЕННОСТЬ
Начальный элемент ввода Артемов
Часть имени, кроме начального элемента ввода А. В.
Код отношения Прочие
801 #0 - ИСТОЧНИК ЗАПИСИ
Страна Российская Федерация
Организация NLR
Дата составления 20051114
Правила каталогизации rcr
801 #1 - ИСТОЧНИК ЗАПИСИ
Страна Российская Федерация
Организация NLR
Дата составления 20051114
942 ## - ДОПОЛНИТЕЛЬНЫЕ ЭЛЕМЕНТЫ ЗАПИСИ (АБИС)
Тип экземпляра АБИС Книга
980 ## - КОЛЛЕКЦИЯ
Название коллекции Национальная библиография
Экземпляры
Тип экземпляра Дата поступления Источник поступления Библиотека постоянного хранения Библиотека текущего хранения Место хранения Шифр хранения Штрих-код Статус экземпляра
Книга 14.11.2005 Обязательный экземпляр РНБ (Московский) РНБ (Московский) Центральная справочная библиотека С К-4/990 1-2090338  
Книга 14.11.2005 Обязательный экземпляр РНБ (Московский) РНБ (Московский) Центральная справочная библиотека С К-4/990 1-2090339